| 000 | 00440cam a2200193 4500 | ||
|---|---|---|---|
| 001 | D6800 | ||
| 008 | 090401t1981 xxu||||| |||| 00| 0 eng d | ||
| 035 | _a(Sirsi) u3196 | ||
| 041 | _aeng | ||
| 050 | _a336.2424 | ||
| 100 | _aMaas, Robert W. | ||
| 245 | _aDevelopment land tax | ||
| 250 | _a3rd | ||
| 260 |
_aLondon _bTolley Publishing Co _c1981 |
||
| 300 | _axvii. 234p. 23cm | ||
| 350 | _a8.95 | ||
| 942 | _n0 | ||
| 948 | _c04/03/1997 | ||
| 999 |
_c85857 _d85857 |
||